Profesionalización docente, evaluación y rendición de cuentas (Record no. 178285)

MARC details
000 -CABECERA
campo de control de longitud fija 00676nab a2200217 a 4500
005 - FECHA Y HORA DE LA ÚLTIMA TRANSACCIÓN
campo de control 20210219162542.0
008 - ELEMENTOS DE LONGITUD FIJA--INFORMACIÓN GENERAL
campo de control de longitud fija 991125s1985 mx 000 0 spa u
035 ## - NÚMERO DE CONTROL DEL SISTEMA
Número de control de sistema UPN01000206184
049 ## - COLECCIÓN
Colección ART
222 #0 - TÍTULO CLAVE
Título clave REVISTA LATINOAMERICANA DE ESTUDIOS EDUCATIVOS
245 00 - MENCIÓN DE TÍTULO
Título Profesionalización docente, evaluación y rendición de cuentas
260 ## - PUBLICACIÓN, DISTRIBUCIÓN, ETC.
Lugar de publicación, distribución, etc. México
300 ## - DESCRIPCIÓN FÍSICA
Extensión 5-15
362 0# - FECHAS DE PUBLICACIÓN Y/O DESIGNACIÓN SECUENCIAL
Fecha de publicación y/o designación secuencial 2015 Volumen 45, número 1, enero-marzo
653 0# - TERMINO DE INDIZACION - NO CONTROLADO
Término no controlado PROFESIONALIZACION DOCENTE
653 0# - TERMINO DE INDIZACION - NO CONTROLADO
Término no controlado EVALUACION DOCENTE
653 0# - TERMINO DE INDIZACION - NO CONTROLADO
Término no controlado PRACTICA DOCENTE
653 0# - TERMINO DE INDIZACION - NO CONTROLADO
Término no controlado CALIDAD EDUCATIVA
856 4# - LOCALIZACIÓN Y ACCESO ELECTRÓNICOS
Identificador Uniforme del Recurso <a href="http://www.redalyc.org/html/270/27035790001/index.html">http://www.redalyc.org/html/270/27035790001/index.html</a>
905 ## - TIPO DE MATERIAL
Tipo de material Articulo

No items available.